Kabuki in modern Japan : (Record no. 237461)

MARC details
000 -LEADER
fixed length control field 01464nam a2200373 a 4500
001 - CONTROL NUMBER
control field vtls000280960
003 - CONTROL NUMBER IDENTIFIER
control field NLI
005 - DATE AND TIME OF LATEST TRANSACTION
control field 20210602124508.0
008 - FIXED-LENGTH DATA ELEMENTS--GENERAL INFORMATION
fixed length control field 101203s1990 enka 000 d eng
020 ## - INTERNATIONAL STANDARD BOOK NUMBER
International Standard Book Number 0333511565 :
Terms of availability PND 35.00
039 #9 - LEVEL OF BIBLIOGRAPHIC CONTROL AND CODING DETAIL [OBSOLETE]
-- 201012031829
-- VLOAD
040 0# - CATALOGING SOURCE
Original cataloging agency NLI
Language of cataloging eng
Transcribing agency VERGIS-2010
Description conventions AACR2
041 0# - LANGUAGE CODE
Language code of text/sound track or separate title eng
044 ## - COUNTRY OF PUBLISHING/PRODUCING ENTITY CODE
MARC country code enk
082 04 - DEWEY DECIMAL CLASSIFICATION NUMBER
Classification number 895.625
100 1# - MAIN ENTRY--PERSONAL NAME
Personal name Powell, Brian,
Dates associated with a name 1939-
9 (RLIN) 428853
245 10 - TITLE STATEMENT
Title Kabuki in modern Japan :
Remainder of title Mayama Seika and his plays /
Statement of responsibility, etc. Brian Powell
260 ## - PUBLICATION, DISTRIBUTION, ETC.
Place of publication, distribution, etc. Basingstoke, Hampshire, Eng. :
Name of publisher, distributor, etc. Macmillan ; in association with St. Antony's College, Oxford,
Date of publication, distribution, etc. 1990
300 ## - PHYSICAL DESCRIPTION
Extent xi, 218 p. :
Other physical details ill. ;
Dimensions 23 cm.
440 #0 - SERIES STATEMENT/ADDED ENTRY--TITLE
Title St. Antony's/Macmillan series
9 (RLIN) 108823
504 ## - BIBLIOGRAPHY, ETC. NOTE
Bibliography, etc. note Bibliography : p. 201-202
600 10 - SUBJECT ADDED ENTRY--PERSONAL NAME
Personal name Mayama, Seika,
Dates associated with a name 1878-1948
General subdivision Criticism and interpretation
9 (RLIN) 428854
600 10 - SUBJECT ADDED ENTRY--PERSONAL NAME
Personal name Mayama, Seika,
Dates associated with a name 1878-1948
Title of a work Genroku chushingura
9 (RLIN) 428855
600 10 - SUBJECT ADDED ENTRY--PERSONAL NAME
Personal name Mayama, Seika,
Dates associated with a name 1878-1948
General subdivision Dramatic production
9 (RLIN) 428856
650 #0 - SUBJECT ADDED ENTRY--TOPICAL TERM
Topical term or geographic name entry element Forty-seven Ronin in literature
9 (RLIN) 428857
650 #0 - SUBJECT ADDED ENTRY--TOPICAL TERM
Topical term or geographic name entry element Kabuki
General subdivision History
Chronological subdivision 20th century
9 (RLIN) 428858
710 2# - ADDED ENTRY--CORPORATE NAME
Corporate name or jurisdiction name as entry element St. Antony's College (University of Oxford)
9 (RLIN) 307887
887 ## - NON-MARC INFORMATION FIELD
Content of non-MARC field
901 ## - LOCAL DATA ELEMENT A, LDA (RLIN)
a 513455
b 16.4.1991
902 ## - LOCAL DATA ELEMENT B, LDB (RLIN)
a E 895.625 P 871
949 ## - LOCAL PROCESSING INFORMATION (OCLC)
-- VIRTUAITEM
-- 10000
-- 100
6 PUR000513455ENG
942 ## - ADDED ENTRY ELEMENTS (KOHA)
Source of classification or shelving scheme Dewey Decimal Classification
Koha item type Books
Holdings
Withdrawn status Lost status Damaged status Not for loan Collection code Home library Current library Shelving location Date acquired Total Checkouts Full call number Barcode Date last seen Price effective from Koha item type
        New English National Library of India National Library of India New English - Main Stack Division     E 895.625 P 871 PUR000513455ENG 02/06/2021 02/06/2021 Books
                                                                           
web counter

Copyright ©2020 The National Library of India, Govt. of India ↔ Hosted by NVLI, MOC ↔ Technology and Design by National Library of India, Ministry of Culture, Govt. of India